| 000 | 00603nam a2200217 i 4500 | ||
|---|---|---|---|
| 001 | 147072 | ||
| 003 | ES-MaACL | ||
| 005 | 20250901073804.0 | ||
| 007 | t| | ||
| 008 | 070921s1958 sp ||||1| spa d | ||
| 080 | _a621.396(02) | ||
| 100 | 1 |
_aDarkness, R. J. _942731 |
|
| 245 | 1 | 3 |
_aLa radio es fácil / _cR.J. de Darkness [seud.]. |
| 260 |
_aBarcelona : _bBruguera, _c[1958] |
||
| 300 |
_a218 p. : _bil. ; _c19 cm. |
||
| 490 | 1 | _aTécnica al día | |
| 650 | 7 |
_aRadio _2embne _9153758 |
|
| 830 | 0 |
_aTécnica al día _9187437 |
|
| 852 |
_aES-MaACL _jC-13887 _bR.41970 |
||
| 999 |
_c147072 _d147072 |
||